| 000 | 01029nam a2200289Ia 4500 | ||
|---|---|---|---|
| 001 | Para_9676 | ||
| 003 | CHAP | ||
| 008 | 220125s9999 xx 000 0 und d | ||
| 010 | _a208352 | ||
| 040 | _cCHAP | ||
| 090 | _aPA TESIS 2297 | ||
| 100 |
_aPérez Jiménez, Rocío Reyes _989764 |
||
| 245 |
_aEfectividad biológica de productos químicos y alternativos contra nematodos asociados al betabel (Beta vulgaris L.) en Texcoco, México / _c Rocío Reyes Pérez Jiménez. |
||
| 260 |
_aChapingo, Méx. : _b el autor, 2009 |
||
| 300 | _a48 h. | ||
| 502 | _aTesis (Ing. Agr. Esp. en Parasitología Agrícola) -- UACh Departamento Parasitología Agrícola | ||
| 650 |
_aBetabel _xplagas _9174677 |
||
| 650 |
_aOrganismos fitopatogenos _xcontrol biologico _983519 |
||
| 710 |
_aUACh. Departamento Parasitología Agrícola _9164025 |
||
| 901 | _aPA TESIS 2297 | ||
| 902 | _aM | ||
| 905 | _a500220 8000000000 00 | ||
| 910 | _a | ||
| 942 | _cPARA | ||
| 942 |
_cPARA _d2 |
||
| 999 |
_c208352 _d208352 |
||